| 000 | 00458nam a2200169Ia 4500 | ||
|---|---|---|---|
| 003 | IN-BaIIA | ||
| 008 | 211028s9999 xx 000 0 eng d | ||
| 040 | _cIIA Library | ||
| 080 |
_a539.18 _bSOM |
||
| 100 |
_aSommerfeld, Arnold _91630 |
||
| 245 | 0 |
_aAtomic structure and spectral lines _cArnold Sommerfeld |
|
| 260 |
_aLondon _bMethuen _c1923 |
||
| 300 | _axiii, 626p. | ||
| 650 |
_aAtomic structure _91534 |
||
| 650 |
_aSpectral lines _91823 |
||
| 942 | _cBK | ||
| 999 |
_c853 _d853 |
||